| 000 | 00369nam a2200157Ia 4500 | ||
|---|---|---|---|
| 008 | 210210b1915 xxu||||| |||| 00| 0 eng d | ||
| 041 | _aeng | ||
| 082 | _a485/27 | ||
| 100 | _aTRIVEDI | ||
| 245 | _aSanskrit teacher | ||
| 260 |
_aLondon _bMacmillan & Co. Ltd. _c1915 |
||
| 650 | _ateacher | ||
| 650 | _aSanskrit | ||
| 690 | _aAnalytical Chemistry | ||
| 906 | _a007004 | ||
| 999 |
_c141044 _d141044 |
||